| 000 | 00375nam a2200157Ia 4500 | ||
|---|---|---|---|
| 008 | 230917s9999||||xx |||||||||||||| ||und|| | ||
| 020 | _cRS30 | ||
| 040 |
_e26413 _aMAIN |
||
| 041 | _aEnglish | ||
| 082 | _a940.28 M278E | ||
| 100 | _aMahajan, Sneh | ||
| 245 | 0 | _aEurope ka itihas 1870-1914 | |
| 260 |
_aDelhi _bPragati publications _c1981 |
||
| 300 | _a290 p. | ||
| 942 | _cBK | ||
| 999 |
_c62750 _d62750 |
||